| 000 | 00650nam a2200217Ia 4500 | ||
|---|---|---|---|
| 003 | OSt | ||
| 005 | 20251117105643.0 | ||
| 008 | 210210b2008 xxu||||| |||| 00| 0 eng d | ||
| 020 | _a9788184492767 | ||
| 040 | _cAL | ||
| 041 | _aKannada | ||
| 082 | _aK894.308 GANS | ||
| 100 |
_aGANGADHARAMURTI (B) _dಗಂಗಾಧರಮೂರ್ತಿ (ಬಿ) _9245845 |
||
| 245 |
_aSura sufi kathaloka _bಸುರ ಸೂಫಿ ಕಥಾಲೋಕ |
||
| 260 |
_aChennai _bSura books ltd _c2008 |
||
| 300 | _axvi,280 | ||
| 650 |
_aOndu nuru sufi kategala apurva sankalana _9245846 |
||
| 690 |
_aKannada Fiction _9245847 |
||
| 906 | _a063174 | ||
| 942 |
_2ddc _cBK |
||
| 999 |
_c134665 _d134665 |
||